| 000 | 00863nam a2200277 i 4500 | ||
|---|---|---|---|
| 001 | 12899 | ||
| 003 | ES-MaACL | ||
| 005 | 20230906150431.0 | ||
| 007 | t| | ||
| 008 | 971007s1995 fr ||||1| fre d | ||
| 020 | _a2-7011-0382-7 | ||
| 080 | _a804.0-318 | ||
| 100 | 1 |
_aWeil, Sylvie. _9116336 |
|
| 245 | 1 | 0 |
_aTrésors des expressions françaises / _cSylvie Weil, Louise Rameau ; préface de Georges Perec ; illustrations de Blachon. |
| 260 |
_aParís : _bBelin, _cD.L. 1995. |
||
| 300 |
_a223 p. : _bil. ; _c19 cm. |
||
| 490 | 1 |
_afrançais retrouvé ; _v1 |
|
| 500 | _aIndices. | ||
| 650 | 1 | 4 |
_aLengua francesa- _xModismos. _914226 |
| 700 | 1 |
_aRameau, Louise. _995078 |
|
| 700 | 1 |
_aPerec, Georges. _990443 |
|
| 700 | 1 |
_aBlachon. _929056 |
|
| 830 | 0 |
_afrançais retrouvé ; _v1 _9179388 |
|
| 852 |
_aES-MaACL _jL-20146 _bR.125473 |
||
| 999 |
_c12899 _d12899 |
||